000 00534nam a22001817a 4500
005 20251108173109.0
008 250721s2004 xx 000 0 ara d
082 1 4 _a632.7/صال
100 1 _aصالح، مصطفى سليمان
245 1 0 _aالحشرات الطبية و البيطرية /
264 1 _aالاسكندرية :
_bمنشأة المعارف،
_c2004.
300 _a423ص
650 1 7 _aالآفات الحشرية
650 1 7 _aالحشرات
650 1 7 _aالزراعة
942 _2ddc
_cBK
999 _c95960
_d95960